000 00553nam a2200193Ia 4500
003 GCL
008 140319s9999 xx 000 0 eng d
040 _aGCL /
_cGCL
082 0 4 _a332.6
_bH P
100 1 _aHARGITSY,STEPHEN E
245 1 0 _aPROPERITY INVESTMENT DECISIONS: A QUANTATIVE APPROACH /
_cHARGITSY,STEPHEN E
700 1 _aMING - SHI Y U
260 _a[S.N] :
_bAN IMPRINT OF CHAPMAN-HALL ،
_c1993
300 _a336 P
650 0 4 _aMANAGEMENT
650 0 4 _aQUANTITATIVE TECHNIQUES
650 0 4 _aINVESTMENT STRATEGY
942 _2ddc
_cBK
999 _c15648
_d15648